| 000 | 00444nam a2200157Ia 4500 | ||
|---|---|---|---|
| 008 | 160316s1971 xxu||||| |||| 00| 0 eng d | ||
| 082 |
_a347.420250 _bDUN |
||
| 100 | _aDuncan G I O | ||
| 245 | _aThe High court of delegates | ||
| 250 | _a | ||
| 260 |
_aCambridge _bCambridge University Press _c1971 |
||
| 300 |
_a318p. _b20 cm _cxxvii |
||
| 365 | _bP.25.00 | ||
| 650 | _a1.High Court - Delegates - Civil Law - Procedure - Britain | ||
| 700 |
_a _a |
||
| 999 |
_c4011 _d4011 |
||